| 000 | 00886nam a22003017a 4500 | ||
|---|---|---|---|
| 001 | BR9901101 | ||
| 003 | BR-BrBNA | ||
| 005 | 20230928100110.0 | ||
| 007 | ta | ||
| 008 | 230509b bl.||||| |||| 00| 0 por d | ||
| 040 |
_aBR-BrBNA _bpor _cBiblioteca Nacional de Agricultura |
||
| 041 | _a(Por) | ||
| 072 | _aC20 | ||
| 090 | _ C20 BR9901101 | ||
| 100 | 1 | _aOlinger, G. | |
| 110 | 1 | _aEmpresa de Pesquisa Agropecuaria e Difusao de Tecnologia de Santa Catarina S.A., Florianopolis (Brasil) | |
| 245 | 1 | _aGeracao e difusao de tecnologia agropecuaria; unidade de observacao | |
| 260 | 3 |
_aFlorianopolis, SC (Brasil): _cnd. |
|
| 300 | _a8 p. | ||
| 650 | _aDifusao de Tecnologia | ||
| 650 | _aTecnologia Agricola | ||
| 650 | _aPesquisa Agricola | ||
| 650 | _aExtensao Rural | ||
| 650 | _aDivulgacao | ||
| 650 | _aMetodo | ||
| 909 |
_a202309 _bLucia _c55 _dLucia Elande |
||
| 942 | _cBK | ||
| 999 |
_c60321 _d60321 |
||